000
00215nam a2200097Ia 4500
008
221009s9999 xx 000 0 und d
082
_a
823/DAR
100
_a
Stone, Irving
_9
28478
245
4
_a
The Origin
942
_c
BK
999
_c
64576
_d
64576